|
|
|
|
| LEADER |
00000nam a22000007a 4500 |
| 005 |
2019100304344.0 |
| 007 |
cr|||| |||| |
| 008 |
191003s2019 fr |||||s|||| 00||0 fra d |
| 020 |
|
|
|a 9786138464686
|
| 035 |
|
|
|a 29164
|
| 040 |
|
|
|a vLex
|
| 090 |
|
|
|c 9702
|d 9702
|
| 100 |
1 |
|
|a Ondo, Tľesphore
|
| 245 |
1 |
0 |
|a Droit international pňal
|h [Recurso electrn̤ico] /
|c Tľesphore Ondo
|
| 256 |
|
|
|a Servicio en ln̕ea
|
| 260 |
|
|
|a Pars̕:
|b Éditions Universitaires Europěnes,
|c 2019
|
| 300 |
|
|
|a 1 recurso electrn̤ico
|
| 500 |
|
|
|a Droit relativement nouveau, au confluent du droit international public et du droit pňal, le droit international pňal, bien que controvers,̌ est pourtant une discipline qui a connu, ces dernir̈es dčennies, une percě remarquable. Cette v̌olution spectaculaire est due ̉la multiplication des juridictions pňales internationales et ̉la qualit ̌des acteurs poursuivis. Aprs̈ avoir df̌ini les notions essentielles et retrac ̌le socle historique de cette discipline, l’ouvrage met en exergue ses trois aspects saillants. D’abord, son rattachement aux sources du droit international public reconnues et consacrěs. Ensuite, la dťermination des crimes internationaux les plus graves et le rǧime de responsabilit ̌pňale internationale. Enfin, la question de la rp̌ression nationale et internationale des crimes internationaux. L’objet de l’ouvrage est ainsi de donner une vision ̉la fois synthťique, dťaillě et critique de la matir̈e, pour t̊re suffisamment utile autant aux ťudiants, aux acteurs des ONG qu’aux praticiens chevronnš du droit. Il ouvre des perspectives pour le dv̌eloppement du droit international pňal et pour l’m̌ergence d'un droit africain pňal.
|
| 506 |
1 |
|
|a Disponible solo en los productos indicados
|d vLex Global
|d vLex Global (Academic Edition, excluding Law Schools)
|d vLex Global (U.S. Academic Edition, Law Schools)
|d vLex Global (U.S. Academic Edition, excluding Law Schools)
|d vLex Global (Academic Edition, Law Schools)
|
| 650 |
0 |
4 |
|a Derecho Internacional
|z Francia
|
| 740 |
0 |
|
|a vLex Libros (Servicio en ln̕ea)
|
| 856 |
4 |
0 |
|u http://vlex.com/source/29164
|z Acceso restringido
|
| 942 |
|
|
|c BOOK
|
| 999 |
0 |
|
|a International right
|